000 00537nmm a2200169Ia 4500
008 251105s9999||||xx |||||||||||||||||und||
020 _a9788487072611
041 _aspa
100 _aRafael Martínez y Joseph Tulchin
245 0 _aLa seguridad desde las dos orillas: un debate entre Europa y América Latina
264 _a[Madrid, España] :
_bCIDOB,
_c2006
300 _a340 páginas
490 _aLatin America
650 _aPolitical Science (General)
856 _uhttps://public.digitaliapublishing.com/a/19575
942 _cCF
999 _c87006
_d87006